| 000 | 00000nas##2200000za#4500 |
| 001 | 9.503905 |
| 003 | CaOODSP |
| 005 | 20200325094207 |
| 007 | cr ||||||||||| |
| 008 | 150406c1996||||xxc|| p o||||f| |0fre|d |
| 022 | |a1701-7882 |
| 040 | |aCaOODSP|bfre |
| 043 | |an-cn--- |
| 086 | 1 |aIN3-26F-PDF |
| 110 | 1 |aCanada. |bBureau du surintendant des institutions financières Canada. |bBureau de l'actuaire en chef. |
| 245 | 10|aRapport annuel sur la LNPP : |h[ressource électronique]|brapport sur l'application de la Loi de 1985 sur les normes de prestation de pension pour l'exercice clos ... |
| 260 | |aOttawa - Ontario : |bBureau du surintendant des institutions financières. |
| 310 | |aAnnuel |
| 362 | 1 |a1996 |
| 775 | 08|tPBSA annual report : |w(CaOODSP)9.507505 |